[Event "IND-ch 56th"]
[Site "Jammu"]
[Date "2018.12.15"]
[Round "10"]
[White "Viani, Antonio Dcunha"]
[Black "Debarshi, Mukherjee"]
[Result "1-0"]
[WhiteElo "2392"]
[BlackElo "2307"]
[PlyCount "77"]
[EventDate "2018.12.08"]
[EventType "swiss"]
[EventRounds "13"]
[EventCountry "IND"]
[SourceTitle "CBM 187 Extra"]
[Source "ChessBase"]
[SourceDate "2018.11.04"]
[SourceVersion "1"]
[SourceVersionDate "2018.11.04"]
[SourceQuality "1"]

1. e4 c5 2. Nf3 d6 3. d4 cxd4 4. Nxd4 Nf6 5. Nc3 a6 6. Be2 e5 7. Nb3 Be7 8. 0-0 0-0 9. Kh1 b5 10. a4 Bb7 11. f3 b4 12. Nd5 Nxd5 13. exd5 Nd7 14. c3 Nf6 15. cxb4 Bxd5 16. Na5 Qb6 17. Bd2 Be6 18. b5 axb5 19. axb5 Bd7 20. Nc6 Bxc6 21. bxc6 Qxc6 22. b4 Nd7 23. Qb3 d5 24. Ra5 Nb6 25. Rc1 Qg6 26. Rca1 h6 27. Bd3 Qc6 28. b5 Qb7 29. Ra6 e4 30. fxe4 dxe4 31. Bc2 Bf6 32. R1a3 Bd4 33. Qa2 Rfe8 34. Ra7 Rxa7 35. Rxa7 Ra8 36. Rxa8+ Nxa8 37. Qa4 Qd5 38. b6 g6 39. b7 1-0

[Event "Helsingor Xtracon op"]
[Site "Helsingor"]
[Date "2018.07.29"]
[Round "10"]
[White "Moradiabadi, Elshan"]
[Black "Debarshi, Mukherjee"]
[Result "1-0"]
[WhiteElo "2538"]
[BlackElo "2292"]
[PlyCount "103"]
[EventDate "2018.07.21"]
[EventType "swiss"]
[EventRounds "10"]
[EventCountry "DEN"]
[SourceTitle "CBM 185 Extra"]
[Source "ChessBase"]
[SourceDate "2018.07.29"]
[SourceVersion "1"]
[SourceVersionDate "2018.07.29"]
[SourceQuality "1"]

1. e4 c5 2. Nc3 d6 3. Nge2 Nf6 4. h3 d5 5. exd5 Nxd5 6. Ng3 Nxc3 7. dxc3 Qxd1+ 8. Kxd1 e6 9. Be3 Nd7 10. a4 Nf6 11. Bb5+ Bd7 12. Ke2 0-0-0 13. c4 a6 14. Bxd7+ Rxd7 15. Nf1 Ne4 16. g4 Bd6 17. f3 Ng3+ 18. Nxg3 Bxg3 19. Bxc5 Rc7 20. b4 b6 21. Bxb6 Rxc4 22. c3 Be5 23. Rhc1 Rxc3 24. f4 Kb7 25. fxe5 Rxc1 26. Rxc1 Kxb6 27. Rf1 Rf8 28. Ke3 Kc6 29. Rc1+ Kd7 30. g5 Rh8 31. Rc4 h6 32. Rh4 Rc8 33. gxh6 gxh6 34. Kd3 Rc1 35. Rd4+ Ke7 36. Rc4 Rd1+ 37. Kc3 Rc1+ 38. Kd4 Rd1+ 39. Kc5 Rd5+ 40. Kb6 Rxe5 41. Rc7+ Kd6 42. Rxf7 Re4 43. Ka5 Kd5 44. Rb7 Re1 45. Kxa6 e5 46. b5 e4 47. b6 e3 48. Re7 Kc6 49. a5 e2 50. b7 Rb1 51. Rxe2 Rxb7 52. Rc2+ 1-0

[Event "Helsingor Xtracon op"]
[Site "Helsingor"]
[Date "2018.07.28"]
[Round "9"]
[White "Debarshi, Mukherjee"]
[Black "Ochsner, Bjorn Moller"]
[Result "1/2-1/2"]
[WhiteElo "2292"]
[BlackElo "2469"]
[PlyCount "128"]
[EventDate "2018.07.21"]
[EventType "swiss"]
[EventRounds "10"]
[EventCountry "DEN"]
[SourceTitle "CBM 185 Extra"]
[Source "ChessBase"]
[SourceDate "2018.07.29"]
[SourceVersion "1"]
[SourceVersionDate "2018.07.29"]
[SourceQuality "1"]

1. c4 Nf6 2. g3 g6 3. Bg2 Bg7 4. Nc3 0-0 5. e4 c5 6. Nge2 Nc6 7. 0-0 Ne8 8. d3 Nc7 9. Be3 Ne6 10. Qd2 Ned4 11. Bh6 Nxe2+ 12. Nxe2 e5 13. Bxg7 Kxg7 14. f4 d6 15. f5 f6 16. g4 Qa5 17. Nc3 g5 18. h4 h6 19. Kf2 Bd7 20. Rh1 Rh8 21. Rh3 Ne7 22. Rah1 b5 23. Kg3 b4 24. Nd5 Nxd5 25. exd5 Rag8 26. Be4 Be8 27. a3 Qb6 28. hxg5 hxg5 29. Qh2 Rxh3+ 30. Qxh3 Kf8 31. Qh7 bxa3 32. Rh6 Qd8 33. Qxa7 axb2 34. Qb7 Bf7 35. Rh7 Rg7 36. Rh1 Bg8 37. Qxb2 Ra7 38. Bf3 Qc7 39. Rh6 Ke7 40. Rh8 Bf7 41. Qh2 Qa5 42. Qh6 Ra8 43. Rxa8 Qxa8 44. Qh2 Qa1 45. Qc2 Be8 46. Qb3 Ba4 47. Qb7+ Bd7 48. Kf2 Qa2+ 49. Be2 Qc2 50. Qa7 e4 51. dxe4 Qxe4 52. Qa3 Qe5 53. Qe3 Kd8 54. Qxe5 dxe5 55. Ke3 Kc7 56. Kd3 Kb6 57. Kc3 Kc7 58. Bd1 Kd6 59. Kd3 Bc8 60. Be2 Ba6 61. Bf1 Kc7 62. Be2 Kb6 63. Bf3 Ka5 64. Kc3 Kb6 1/2-1/2

[Event "Helsingor Xtracon op"]
[Site "Helsingor"]
[Date "2018.07.27"]
[Round "8"]
[White "Aagaard, Jacob"]
[Black "Debarshi, Mukherjee"]
[Result "1/2-1/2"]
[WhiteElo "2482"]
[BlackElo "2292"]
[PlyCount "51"]
[EventDate "2018.07.21"]
[EventType "swiss"]
[EventRounds "10"]
[EventCountry "DEN"]
[SourceTitle "CBM 185 Extra"]
[Source "ChessBase"]
[SourceDate "2018.07.29"]
[SourceVersion "1"]
[SourceVersionDate "2018.07.29"]
[SourceQuality "1"]

1. c4 e5 2. Nc3 Bb4 3. Nd5 Bc5 4. Nf3 c6 5. Nc3 d6 6. d4 exd4 7. Nxd4 Nf6 8. g3 0-0 9. Bg2 Nbd7 10. 0-0 Nb6 11. b3 d5 12. cxd5 Nfxd5 13. Nxd5 Nxd5 14. Bb2 Qe7 15. e4 Nf6 16. Qc2 Rd8 17. Rad1 Bg4 18. Rd2 Bb4 19. Rd3 Qc5 20. Qb1 Qb6 21. h3 Bh5 22. e5 Ne8 23. e6 Nf6 24. e7 Bxe7 25. Nf5 Bf8 26. Bxf6 1/2-1/2

[Event "Helsingor Xtracon op"]
[Site "Helsingor"]
[Date "2018.07.25"]
[Round "6"]
[White "Thybo, Jesper Sondergaard"]
[Black "Debarshi, Mukherjee"]
[Result "1-0"]
[WhiteElo "2497"]
[BlackElo "2292"]
[PlyCount "59"]
[EventDate "2018.07.21"]
[EventType "swiss"]
[EventRounds "10"]
[EventCountry "DEN"]
[SourceTitle "CBM 185 Extra"]
[Source "ChessBase"]
[SourceDate "2018.07.29"]
[SourceVersion "1"]
[SourceVersionDate "2018.07.29"]
[SourceQuality "1"]

1. d4 Nf6 2. c4 g6 3. f3 d5 4. cxd5 Nxd5 5. e4 Nb6 6. Nc3 Bg7 7. Be3 0-0 8. Qd2 e5 9. d5 c6 10. h4 cxd5 11. exd5 N8d7 12. h5 Nf6 13. hxg6 fxg6 14. 0-0-0 Bd7 15. Kb1 Rc8 16. d6 e4 17. fxe4 Qe8 18. Nf3 Na4 19. e5 Nxc3+ 20. bxc3 Ne4 21. Qd5+ Be6 22. Qxe4 Bf5 23. Qxf5 gxf5 24. d7 Qe7 25. dxc8Q Rxc8 26. Bd4 b5 27. Bd3 Rf8 28. Nh4 Qe6 29. Bc2 Kh8 30. g4 1-0

[Event "Helsingor Xtracon op"]
[Site "Helsingor"]
[Date "2018.07.23"]
[Round "4"]
[White "Le Besq, Alexander"]
[Black "Debarshi, Mukherjee"]
[Result "0-1"]
[WhiteElo "2097"]
[BlackElo "2292"]
[PlyCount "72"]
[EventDate "2018.07.21"]
[EventType "swiss"]
[EventRounds "10"]
[EventCountry "DEN"]
[SourceTitle "CBM 185 Extra"]
[Source "ChessBase"]
[SourceDate "2018.07.29"]
[SourceVersion "1"]
[SourceVersionDate "2018.07.29"]
[SourceQuality "1"]

1. e4 c5 2. Nc3 Nc6 3. d3 g6 4. Be3 d6 5. d4 cxd4 6. Bxd4 e5 7. Be3 Nf6 8. Bg5 Be7 9. Bxf6 Bxf6 10. Bc4 0-0 11. Nge2 Kh8 12. Nd5 Bg5 13. f3 Be6 14. Nec3 Rc8 15. Bb3 Bh4+ 16. g3 Bg5 17. h4 Bh6 18. g4 Nd4 19. f4 Qa5 20. Rh3 Bxd5 21. Bxd5 Bxf4 22. Qd3 b5 23. Bb3 b4 24. Nd5 Nxc2+ 25. Bxc2 b3+ 26. Nc3 bxc2 27. Qxc2 d5 28. exd5 Qxd5 29. h5 Qc5 30. Kf1 Rcd8 31. Rd1 Qc4+ 32. Kg2 Bg5 33. hxg6 fxg6 34. Rxd8 Qf1+ 35. Kg3 Bf4+ 36. Kh4 Qe1+ 0-1

[Event "Helsingor Xtracon op"]
[Site "Helsingor"]
[Date "2018.07.21"]
[Round "1"]
[White "Debarshi, Mukherjee"]
[Black "Satre, Roger"]
[Result "1-0"]
[WhiteElo "2292"]
[BlackElo "1834"]
[PlyCount "93"]
[EventDate "2018.07.21"]
[EventType "swiss"]
[EventRounds "10"]
[EventCountry "DEN"]
[SourceTitle "CBM 185 Extra"]
[Source "ChessBase"]
[SourceDate "2018.07.29"]
[SourceVersion "1"]
[SourceVersionDate "2018.07.29"]
[SourceQuality "1"]

1. c4 e5 2. g3 Nc6 3. Bg2 g6 4. Nc3 Bg7 5. e4 d6 6. Nge2 Be6 7. d3 Qd7 8. Nd5 Nce7 9. d4 c6 10. Ne3 f5 11. d5 cxd5 12. cxd5 Bf7 13. Nc3 Nf6 14. Bh3 0-0 15. 0-0 b5 16. a3 a5 17. Qf3 b4 18. axb4 axb4 19. Rxa8 Rxa8 20. Nb1 Qb5 21. exf5 Nexd5 22. fxg6 hxg6 23. Nd2 Qd3 24. Nxd5 Qxd5 25. Bg2 Qxf3 26. Nxf3 e4 27. Ng5 Bc4 28. Re1 d5 29. Ne6 Nd7 30. Nxg7 Nc5 31. Ne6 Nxe6 32. Be3 Ra2 33. Bh3 Kf7 34. Bxe6+ Kxe6 35. Bd4 Ra8 36. f4 b3 37. Kf2 Bd3 38. Rc1 Bc2 39. g4 Rf8 40. Ke3 Rf7 41. h4 Rh7 42. Rh1 Bd3 43. h5 gxh5 44. f5+ Kd6 45. Rxh5 Rf7 46. Rh6+ Ke7 47. Rb6 1-0

[Event "IND-chT 38th"]
[Site "Bhubaneswar"]
[Date "2018.02.09"]
[Round "3.4"]
[White "Debarshi, Mukherjee"]
[Black "Swayams, Mishra"]
[Result "0-1"]
[WhiteElo "2303"]
[BlackElo "2439"]
[PlyCount "154"]
[EventDate "2018.02.08"]
[EventType "team-swiss"]
[EventRounds "9"]
[EventCountry "IND"]
[SourceTitle "CBM 182 Extra"]
[Source "ChessBase"]
[SourceDate "2018.02.23"]
[SourceVersion "1"]
[SourceVersionDate "2018.02.23"]
[SourceQuality "1"]
[WhiteTeam "Bengal Chess"]
[BlackTeam "Air India"]
[WhiteTeamCountry "IND"]
[BlackTeamCountry "IND"]

1. d4 Nf6 2. c4 e6 3. g3 c5 4. d5 exd5 5. cxd5 d6 6. Nc3 g6 7. Bg2 Bg7 8. Nf3 0-0 9. 0-0 Re8 10. Bf4 Bf5 11. Nh4 Bg4 12. h3 Nh5 13. hxg4 Nxf4 14. Bf3 Nd7 15. gxf4 Qxh4 16. Kg2 Qe7 17. g5 h6 18. gxh6 Bxh6 19. e3 Bg7 20. Qc2 g5 21. Qf5 gxf4 22. Qxf4 Ne5 23. Be2 Ng6 24. Qg4 Qf6 25. Rh1 Re5 26. Rh5 Rxh5 27. Qxh5 Re8 28. Rh1 Re5 29. Qh7+ Kf8 30. Qh3 Qf5 31. Qxf5 Rxf5 32. Rh5 Bxc3 33. Rxf5 Nh4+ 34. Kh3 Nxf5 35. bxc3 Ne7 36. e4 f5 37. Bf3 fxe4 38. Bxe4 Kf7 39. Kg4 Kf6 40. f4 Nc8 41. c4 Nb6 42. Bd3 Na4 43. Kf3 Nb2 44. Be2 Na4 45. Bd3 a6 46. Ke3 Nc3 47. a3 b5 48. Kd2 b4 49. Bc2 a5 50. a4 Kg7 51. Ke3 Kh6 52. Kd2 Kh5 53. Ke3 Kg4 54. f5 Kg5 55. Kd2 Kf6 56. Ke3 Ke5 57. Kd2 Kf6 58. Ke3 b3 59. Bxb3 Kxf5 60. Kf3 Ke5 61. Ke3 Ne4 62. Bc2 Ng3 63. Bd3 Nh5 64. Be2 Nf6 65. Bd1 Kf5 66. Be2 Nd7 67. Bd3+ Ke5 68. Bc2 Nf6 69. Bd1 Kf5 70. Be2 Nd7 71. Bd3+ Kf6 72. Bc2 Nb6 73. Kd3 Ke5 74. Bd1 Kf4 75. Bc2 Nd7 76. Kc3 Ke3 77. Bd3 Nf6 0-1

[Event "Mumbai Wealth op 3rd"]
[Site "Mumbai"]
[Date "2018.01.01"]
[Round "3"]
[White "Potluri, Saye Srreezza"]
[Black "Debarshi, Mukherjee"]
[Result "1/2-1/2"]
[WhiteElo "1774"]
[BlackElo "2313"]
[PlyCount "114"]
[EventDate "2017.12.30"]
[EventType "swiss"]
[EventRounds "9"]
[EventCountry "IND"]
[SourceTitle "CBM 182 Extra"]
[Source "ChessBase"]
[SourceDate "2018.02.23"]
[SourceVersion "1"]
[SourceVersionDate "2018.02.23"]
[SourceQuality "1"]

1. Nf3 c5 2. c4 g6 3. Nc3 Bg7 4. d4 cxd4 5. Nxd4 Nc6 6. Nc2 Bxc3+ 7. bxc3 d6 8. g3 Qa5 9. Bg2 Nf6 10. 0-0 Be6 11. Nd4 Rc8 12. Rb1 Nxd4 13. cxd4 Qxa2 14. Rxb7 Bxc4 15. Re1 d5 16. Bg5 h6 17. Bf4 Ne4 18. Qc1 g5 19. Be5 f6 20. Bh3 Ra8 21. f3 fxe5 22. fxe4 exd4 23. Bd7+ Kf7 24. Rf1+ Kg7 25. Be6 Rhf8 26. Rxe7+ Kh8 27. Re1 Rae8 28. Rxe8 Rxe8 29. exd5 Bxd5 30. Bg4 Qb3 31. Rd1 Qb6 32. Qa1 Bb3 33. Qxd4+ Qxd4+ 34. Rxd4 a5 35. Rd6 Kg7 36. Ra6 a4 37. Bd7 Re4 38. e3 Rc4 39. Be6 Rc1+ 40. Kf2 Rc2+ 41. Kf3 Rxh2 42. Bxb3 axb3 43. Rb6 b2 44. Kg4 Kf7 45. e4 Rf2 46. Kh5 Rh2+ 47. Kg4 Ke7 48. e5 Kd7 49. e6+ Ke7 50. Kf5 Rf2+ 51. Kg6 Re2 52. Kf5 Kd8 53. Rb7 Kc8 54. Rb3 Kc7 55. e7 Kd7 56. Rb7+ Ke8 57. Kf6 Rf2+ 1/2-1/2

[Event "BAN-chT2"]
[Site "Dhaka"]
[Date "2017.10.28"]
[Round "7.2"]
[White "Nayem, Haque"]
[Black "Debarshi, Mukherjee"]
[Result "0-1"]
[WhiteElo "1975"]
[BlackElo "2300"]
[PlyCount "79"]
[EventDate "2017.10.22"]
[EventType "team-swiss"]
[EventRounds "7"]
[EventCountry "BAN"]
[SourceTitle "CBM 181 Extra"]
[Source "ChessBase"]
[SourceDate "2017.12.12"]
[SourceVersion "1"]
[SourceVersionDate "2017.12.12"]
[SourceQuality "1"]
[WhiteTeam "New Nation Fenchuganj"]
[BlackTeam "Uttara Central CC"]
[WhiteTeamCountry "BAN"]
[BlackTeamCountry "BAN"]

1. d4 Nf6 2. Nf3 g6 3. c4 Bg7 4. Nc3 d5 5. cxd5 Nxd5 6. e4 Nxc3 7. bxc3 c5 8. Be3 0-0 9. Be2 b6 10. 0-0 Bb7 11. dxc5 Nd7 12. Qb3 Qc7 13. cxb6 axb6 14. Rad1 Nc5 15. Bxc5 Qxc5 16. Nd4 Ra3 17. Qb1 Rxc3 18. Nf3 Rc2 19. Bd3 Rb2 20. Qc1 Rxa2 21. Qxc5 bxc5 22. Rb1 Ba8 23. Rbc1 Ra3 24. Rfd1 Rd8 25. Bc4 Rxd1+ 26. Rxd1 Ra1 27. Rxa1 Bxa1 28. Kf1 e6 29. Bd3 Bc3 30. Ke2 f6 31. Ke3 Kf7 32. h4 h6 33. g4 g5 34. Bc4 Ke7 35. e5 gxh4 36. Nxh4 Bxe5 37. f4 Bd4+ 38. Kd3 Kd6 39. Ng6 Bg2 40. Nf8 0-1

[Event "BAN-chT2"]
[Site "Dhaka"]
[Date "2017.10.26"]
[Round "5.2"]
[White "Rahman, Ataur1111"]
[Black "Debarshi, Mukherjee"]
[Result "0-1"]
[WhiteElo "1867"]
[BlackElo "2300"]
[PlyCount "74"]
[EventDate "2017.10.22"]
[EventType "team-swiss"]
[EventRounds "7"]
[EventCountry "BAN"]
[SourceTitle "CBM 181 Extra"]
[Source "ChessBase"]
[SourceDate "2017.12.12"]
[SourceVersion "1"]
[SourceVersionDate "2017.12.12"]
[SourceQuality "1"]
[WhiteTeam "Asad"]
[BlackTeam "Uttara Central CC"]
[WhiteTeamCountry "BAN"]
[BlackTeamCountry "BAN"]

1. e4 c5 2. Nf3 d6 3. d4 cxd4 4. Nxd4 Nf6 5. Nc3 a6 6. Be3 e6 7. Bd3 b5 8. 0-0 Bb7 9. a3 Nbd7 10. Qf3 Rc8 11. Rfe1 Be7 12. Qh3 Ne5 13. Rad1 Qc7 14. Bf4 0-0 15. Bxe5 dxe5 16. Nde2 Bc5 17. Ng3 Qb6 18. Rd2 Bxa3 19. Nxb5 Bb4 20. c3 Be7 21. Na3 Bxa3 22. bxa3 Rxc3 23. Nh5 Nxh5 24. Qxh5 Qa5 25. Red1 Rxa3 26. Bc2 Ra1 27. Rxa1 Qxd2 28. Bb3 Rc8 29. Qg4 Rc1+ 30. Rxc1 Qxc1+ 31. Qd1 Qxd1+ 32. Bxd1 Bxe4 33. Be2 a5 34. Kf1 a4 35. f3 a3 36. Bc4 Bd3+ 37. Bxd3 a2 0-1

[Event "BAN-chT2"]
[Site "Dhaka"]
[Date "2017.10.25"]
[Round "4.2"]
[White "Debarshi, Mukherjee"]
[Black "Noshin, Anjum"]
[Result "1-0"]
[WhiteElo "2300"]
[BlackElo "1660"]
[PlyCount "107"]
[EventDate "2017.10.22"]
[EventType "team-swiss"]
[EventRounds "7"]
[EventCountry "BAN"]
[SourceTitle "CBM 181 Extra"]
[Source "ChessBase"]
[SourceDate "2017.12.12"]
[SourceVersion "1"]
[SourceVersionDate "2017.12.12"]
[SourceQuality "1"]
[WhiteTeam "Uttara Central CC"]
[BlackTeam "Elegant Int CA Green"]
[WhiteTeamCountry "BAN"]
[BlackTeamCountry "BAN"]

1. c4 e5 2. g3 Nc6 3. Bg2 Nf6 4. Nc3 g6 5. e4 Bg7 6. Nge2 0-0 7. 0-0 d6 8. d3 Be6 9. Nd5 Ne7 10. Bg5 Nfxd5 11. cxd5 Bd7 12. d4 Bb5 13. dxe5 Bxe5 14. Re1 Re8 15. Nd4 Bd7 16. Qd2 Bg7 17. Rad1 Qc8 18. Rc1 Qd8 19. Rc4 Rc8 20. Rec1 f6 21. Be3 c6 22. dxc6 Nxc6 23. Nb5 Be6 24. Nxd6 Bxc4 25. Rxc4 Re7 26. Qd5+ Kh8 27. Nxc8 Qxc8 28. h4 Rd7 29. Bh3 Rxd5 30. Bxc8 Rd1+ 31. Kg2 Ne5 32. Rc7 b6 33. Be6 Rd8 34. Rxa7 Rb8 35. Rc7 h5 36. Rc8+ Rxc8 37. Bxc8 Nc4 38. Bd4 f5 39. Bxg7+ Kxg7 40. exf5 gxf5 41. b3 Nd6 42. Bd7 Kf6 43. Kf3 Ke5 44. a4 Ne4 45. b4 Nf6 46. Bc8 Nd5 47. a5 Nxb4 48. axb6 Nc6 49. Bd7 Nb8 50. Be8 Kd6 51. Kf4 Kc5 52. b7 Kb6 53. Kxf5 Kxb7 54. Bxh5 1-0

[Event "BAN-chT2"]
[Site "Dhaka"]
[Date "2017.10.23"]
[Round "2.2"]
[White "Debarshi, Mukherjee"]
[Black "Dewan, Abdullah Zaman"]
[Result "1-0"]
[WhiteElo "2300"]
[BlackElo "1972"]
[PlyCount "95"]
[EventDate "2017.10.22"]
[EventType "team-swiss"]
[EventRounds "7"]
[EventCountry "BAN"]
[SourceTitle "CBM 181 Extra"]
[Source "ChessBase"]
[SourceDate "2017.12.12"]
[SourceVersion "1"]
[SourceVersionDate "2017.12.12"]
[SourceQuality "1"]
[WhiteTeam "Uttara Central CC"]
[BlackTeam "Ganer Alo Pathagar"]
[WhiteTeamCountry "BAN"]
[BlackTeamCountry "BAN"]

1. d4 d5 2. c4 e6 3. Nf3 c5 4. cxd5 exd5 5. g3 Be6 6. Bg2 Nf6 7. 0-0 Be7 8. dxc5 Bxc5 9. Nc3 0-0 10. Bg5 Be7 11. Nd4 h6 12. Bxf6 Bxf6 13. Nxe6 fxe6 14. Nxd5 Nc6 15. Nxf6+ Qxf6 16. Bxc6 bxc6 17. Qc2 e5 18. Rac1 Rac8 19. Qe4 Rfd8 20. Rfd1 Rd4 21. Rxd4 exd4 22. Rc4 c5 23. Qd5+ Qf7 24. Qxf7+ Kxf7 25. b4 Ke6 26. bxc5 Kd5 27. Ra4 Rc7 28. Ra5 Kc4 29. a3 Kc3 30. Kf1 Kd2 31. Ra4 Kc3 32. f4 g5 33. Kf2 g4 34. Ke1 Re7 35. Kf1 Rc7 36. c6 Rxc6 37. Rxa7 Kd2 38. Rd7 Ke3 39. Re7+ Kd2 40. Re4 Kc3 41. f5 h5 42. Rf4 d3 43. exd3 Kxd3 44. f6 Ke3 45. f7 Rc1+ 46. Kg2 Rc2+ 47. Kg1 Rc1+ 48. Rf1 1-0

[Event "Barcelona Sant Marti op-A 19th"]
[Site "Barcelona"]
[Date "2017.07.17"]
[Round "5"]
[White "Notkevich, Benjamin Arvola"]
[Black "Debarshi, Mukherjee"]
[Result "1-0"]
[WhiteElo "2469"]
[BlackElo "2301"]
[PlyCount "69"]
[EventDate "2017.07.13"]
[EventType "swiss"]
[EventRounds "9"]
[EventCountry "ESP"]
[SourceTitle "EXT 2018"]
[Source "ChessBase"]
[SourceDate "2017.10.13"]
[SourceVersion "1"]
[SourceVersionDate "2017.10.13"]
[SourceQuality "1"]

1. d4 Nf6 2. c4 g6 3. Nc3 d5 4. cxd5 Nxd5 5. Bd2 Bg7 6. e4 Nxc3 7. Bxc3 0-0 8. Qd2 Nc6 9. Nf3 Bg4 10. d5 Bxf3 11. Bxg7 Kxg7 12. gxf3 Ne5 13. Qc3 f6 14. 0-0-0 Qd6 15. Bh3 c6 16. Kb1 cxd5 17. exd5 Rad8 18. Rhe1 Rfe8 19. f4 Nf7 20. Qe3 Qb6 21. Qxb6 axb6 22. Be6 Nd6 23. Rc1 Kf8 24. Rc3 f5 25. Rc7 Rb8 26. h4 Ne4 27. h5 Nxf2 28. hxg6 hxg6 29. Rg1 Ng4 30. d6 Kg7 31. Bd7 Rh8 32. dxe7 Kf7 33. Re1 Rhe8 34. Bxe8+ Kxe8 35. Rh1 1-0

[Event "Barcelona Sant Marti op-A 19th"]
[Site "Barcelona"]
[Date "2017.07.14"]
[Round "2"]
[White "Kyrkjebo, Hannah Bakken"]
[Black "Debarshi, Mukherjee"]
[Result "0-1"]
[WhiteElo "1923"]
[BlackElo "2301"]
[PlyCount "98"]
[EventDate "2017.07.13"]
[EventType "swiss"]
[EventRounds "9"]
[EventCountry "ESP"]
[SourceTitle "EXT 2018"]
[Source "ChessBase"]
[SourceDate "2017.10.13"]
[SourceVersion "1"]
[SourceVersionDate "2017.10.13"]
[SourceQuality "1"]

1. e4 c5 2. Nf3 e6 3. d3 Nc6 4. g3 g6 5. Bg2 Bg7 6. 0-0 Nge7 7. c3 0-0 8. Re1 e5 9. Nbd2 d6 10. a4 h6 11. Nc4 Be6 12. Nfd2 Qd7 13. Ne3 f5 14. Ndc4 f4 15. Nd5 g5 16. b4 Bg4 17. f3 Be6 18. b5 Nd8 19. Nxe7+ Qxe7 20. g4 Nf7 21. Ba3 h5 22. h3 Bf6 23. Kf2 Kg7 24. Rh1 Rh8 25. Qd2 Rh6 26. Rag1 Nh8 27. Qe1 Ng6 28. Nb2 Rah8 29. Nd1 R8h7 30. Kf1 hxg4 31. hxg4 Nh4 32. Nf2 Qe8 33. Qd1 Bd8 34. c4 Ba5 35. Bb2 Bb4 36. Ba1 Kg6 37. Bb2 a6 38. Qa1 Qd8 39. Bc3 Qa5 40. Bb2 Kf6 41. Qd1 Bd2 42. Bc1 Bxc1 43. Qxc1 Qxa4 44. bxa6 bxa6 45. Qb1 Qb4 46. Qa1 Rb7 47. Nd1 Qd2 48. Nf2 Qc2 49. Nd1 Rb1 0-1

[Event "Barbera del Valles op 40th"]
[Site "Barbera del Valles"]
[Date "2017.07.12"]
[Round "9"]
[White "Iniyan, Panneerseluam"]
[Black "Debarshi, Mukherjee"]
[Result "1/2-1/2"]
[WhiteElo "2380"]
[BlackElo "2301"]
[PlyCount "50"]
[EventDate "2017.07.04"]
[EventType "swiss"]
[EventRounds "9"]
[EventCountry "ESP"]
[SourceTitle "EXT 2018"]
[Source "ChessBase"]
[SourceDate "2017.10.13"]
[SourceVersion "1"]
[SourceVersionDate "2017.10.13"]
[SourceQuality "1"]

1. d4 Nf6 2. c4 g6 3. Nc3 d5 4. cxd5 Nxd5 5. e4 Nxc3 6. bxc3 Bg7 7. Nf3 c5 8. Rb1 0-0 9. Be2 cxd4 10. cxd4 Qa5+ 11. Bd2 Qxa2 12. 0-0 Bg4 13. Bg5 h6 14. Be3 Nc6 15. d5 Na5 16. Bc5 b6 17. Bxe7 Rfe8 18. d6 Nc6 19. Bb5 Nxe7 20. Bxe8 Rxe8 21. dxe7 Qa3 22. Rb3 Qxe7 23. Re1 Qe6 24. h3 Bxf3 25. Rxf3 a5 1/2-1/2

[Event "Barbera del Valles op 40th"]
[Site "Barbera del Valles"]
[Date "2017.07.10"]
[Round "7"]
[White "Debarshi, Mukherjee"]
[Black "Gandhi, Anish"]
[Result "1/2-1/2"]
[WhiteElo "2301"]
[BlackElo "2012"]
[PlyCount "52"]
[EventDate "2017.07.04"]
[EventType "swiss"]
[EventRounds "9"]
[EventCountry "ESP"]
[SourceTitle "EXT 2018"]
[Source "ChessBase"]
[SourceDate "2017.10.13"]
[SourceVersion "1"]
[SourceVersionDate "2017.10.13"]
[SourceQuality "1"]

1. c4 Nf6 2. g3 c5 3. Bg2 g6 4. Nc3 Bg7 5. Nf3 0-0 6. 0-0 Nc6 7. d4 cxd4 8. Nxd4 Qa5 9. Nb3 Qb4 10. c5 d5 11. cxd6 Rd8 12. Bf4 exd6 13. Bg5 Be6 14. Nd5 Bxd5 15. Bxd5 Nxd5 16. Qxd5 Re8 17. Be3 Bxb2 18. Rab1 Qa3 19. Nd2 Re5 20. Qd3 Qxd3 21. exd3 Bd4 22. Nf3 Rd5 23. Nxd4 Nxd4 24. Rxb7 Nf5 25. Bxa7 Ra5 26. Be3 Rxa2 1/2-1/2

[Event "Barbera del Valles op 40th"]
[Site "Barbera del Valles"]
[Date "2017.07.09"]
[Round "6"]
[White "Rojano Cano, Francisco Jose"]
[Black "Debarshi, Mukherjee"]
[Result "0-1"]
[WhiteElo "2071"]
[BlackElo "2301"]
[PlyCount "94"]
[EventDate "2017.07.04"]
[EventType "swiss"]
[EventRounds "9"]
[EventCountry "ESP"]
[SourceTitle "EXT 2018"]
[Source "ChessBase"]
[SourceDate "2017.10.13"]
[SourceVersion "1"]
[SourceVersionDate "2017.10.13"]
[SourceQuality "1"]

1. e4 c5 2. Nf3 d6 3. Nc3 Nf6 4. Be2 e6 5. 0-0 a6 6. d4 cxd4 7. Nxd4 Be7 8. Be3 0-0 9. a4 Nc6 10. Nb3 b6 11. f4 Qc7 12. Qe1 Nb4 13. Rc1 Bb7 14. Bf3 Nd7 15. Nd5 exd5 16. Qxb4 dxe4 17. Bxe4 a5 18. Qd4 Bf6 19. Qd3 Bxe4 20. Qxe4 Rfe8 21. Qf3 Bxb2 22. Rb1 Qxc2 23. Nd4 Bxd4 24. Bxd4 Qxa4 25. Qd5 Rac8 26. Bxb6 Nxb6 27. Rxb6 Qe4 28. Qxe4 Rxe4 29. Rxd6 Ra8 30. Ra1 a4 31. g3 h5 32. Rd2 Re3 33. Kg2 a3 34. Kh3 g6 35. Kg2 Kg7 36. Raa2 Rb8 37. Kh3 Reb3 38. Rd7 Ra8 39. Rd6 Ra4 40. Rc6 Rxf4 41. Ra6 Rff3 42. Kh4 f6 43. Kh3 g5 44. Rd2 Rb2 45. Rxb2 axb2 46. Rb6 Rf2 47. g4 hxg4+ 0-1

[Event "Barbera del Valles op 40th"]
[Site "Barbera del Valles"]
[Date "2017.07.05"]
[Round "2"]
[White "Burmakin, Vladimir"]
[Black "Debarshi, Mukherjee"]
[Result "1-0"]
[WhiteElo "2505"]
[BlackElo "2301"]
[PlyCount "67"]
[EventDate "2017.07.04"]
[EventType "swiss"]
[EventRounds "9"]
[EventCountry "ESP"]
[SourceTitle "EXT 2018"]
[Source "ChessBase"]
[SourceDate "2017.10.13"]
[SourceVersion "1"]
[SourceVersionDate "2017.10.13"]
[SourceQuality "1"]

1. d4 Nf6 2. g3 g6 3. Bg2 d5 4. Nf3 Bg7 5. 0-0 0-0 6. c4 c6 7. Qb3 Qb6 8. Nc3 Rd8 9. c5 Qxb3 10. axb3 Na6 11. Bf4 Nd7 12. Rfd1 Re8 13. e4 dxe4 14. Nxe4 Nb4 15. Ra4 Nd5 16. Bd2 Nf8 17. Nc3 Be6 18. Rda1 a6 19. Ng5 Nxc3 20. bxc3 Rad8 21. Nxe6 Nxe6 22. Rb4 Rd7 23. Rxb7 Rxb7 24. Bxc6 Reb8 25. Bxb7 Rxb7 26. Rxa6 Rxb3 27. Ra8+ Bf8 28. c6 Kg7 29. Rc8 Rb1+ 30. Kg2 Rd1 31. Be3 Rd3 32. c4 Nxd4 33. Rd8 Rxe3 34. c7 1-0

[Event "Montcada op-A 25th"]
[Site "Montcada"]
[Date "2017.06.30"]
[Round "5"]
[White "Salinas Herrera, Pablo Patricio"]
[Black "Debarshi, Mukherjee"]
[Result "1/2-1/2"]
[WhiteElo "2438"]
[BlackElo "2301"]
[PlyCount "38"]
[EventDate "2017.06.26"]
[EventType "swiss"]
[EventRounds "9"]
[EventCountry "ESP"]
[SourceTitle "CBM 179 Extra"]
[Source "ChessBase"]
[SourceDate "2017.08.23"]
[SourceVersion "1"]
[SourceVersionDate "2017.08.23"]
[SourceQuality "1"]

1. d4 Nf6 2. Bf4 g6 3. Nc3 c5 4. d5 d6 5. e4 Bg7 6. Bb5+ Bd7 7. a4 0-0 8. Nf3 Bg4 9. 0-0 Na6 10. h3 Bxf3 11. Qxf3 Nc7 12. Rfe1 Nxb5 13. axb5 Ne8 14. e5 dxe5 15. Bxe5 Bxe5 16. Rxe5 Nd6 17. Qe2 Re8 18. Ne4 Nxe4 19. Qxe4 Qd6 1/2-1/2